Регионална библиотека "Любен Каравелов" - Русе

Принцът на Айодхя (Запис номер 106846)

MARC детайли
000 -Лидер
Контролно поле с фиксирана дължина 01266nam a2200325 c 4500
003 - Код на организацията, давaща контролен номер
Контролно поле BLK
005 - Дата и час на последна редакция
Контролно поле 20220707171027.0
008 - Елементи от данни с фиксирана дължина
fixed length control field 180409b bul|||||r ||||||| ||bul||
010 ## - Наследен системен номер
LC control number KNG00112114000
020 ## - Международен стандартен номер на книга ISBN
Международен стандартен номер на книга ISBN 954-733-366-6
-- издат.: Прозорец
040 ## - Източник на каталожния запис
Идентификатор на билиотеката - собственик на записа BLK
041 ## - Код за език
Код за езика на текст/звукозапис или на отделно заглавие Български
Код за езика КДБФ Български
080 ## - УДК
Текстов определител УДК Индийска литература
УДК код - определител по УДК 821.21
УДК определител -31
УДК - код + определител 821.21-31
100 1# - Редна дума - Автор
Автор Банкър, Ашок
Авторска отговорност първи автор
R(LIN) 36377
139 ## - Редно поле
Редна дума Банкър, Ашок
Авторски знак Бан - Б 25
245 10 - Сведения за заглавието
Заглавие Принцът на Айодхя
Подзаглавни данни Роман
Редно поле (дума) Ашок Банкър; прев. Мария Илкова Симеонова.
257 ## - Страна на издаване
Страна на създаване/издаване Индия
260 ## - Област на издателските данни
-- София
Име на издателя, разпространителя и проч. Прозорец
Година на издаване 2004
Печатница София : Инвестпрес
300 ## - Физическа характеристика
Страници 448 с.
Размери/Мащаб 20 см
380 ## - Жанр
Жанр Худож. лит.
490 1# - СЕРИИ (Колекции)
Име на серия Рамаяна
№: серия Кн. 1
500 ## - Общи забележки
Забележка Ориг. загл. Prince of Ayodhya / Ashok K. Banker. - Съдържа и Речник. - Офс. изд. - 1 000 тир.
653 ## - Ключова дума – ненормативна
Ключова дума романи
700 1# - Други автори (авторска отговорност)
Лично име Симеонова, Мария Илкова
Автороска отговорност (Описва отношението между автора и произведението) прев.
9 (RLIN) 369186
852 ## - Местоположение
Форматна сигнатура Цб 218859
856 4# - Електронен адрес и достъп
Електронен формат pdf - файл
Път до файла /url/
856 4# - Електронен адрес и достъп
Електронен формат pdf - файл
Път до файла /url/
942 ## - АРТИКУЛИ
Вид на библиотечния материал Книги
Скрит в OPAC Не
Koha issues (borrowed), all copies 9
944 ## - СЪЗДАВАНЕ И РЕДАКЦИЯ на ЗАПИСА
Създаване/Редакция Създаване
Дата на регистрацията/редакция 06.04.2004
Статус, дата на статуса ф /
Служител, извършил регистрацията/редакцията Цветанка_Енчева
944 ## - СЪЗДАВАНЕ И РЕДАКЦИЯ на ЗАПИСА
Създаване/Редакция Редакция
Дата на регистрацията/редакция 23.01.2017
Статус, дата на статуса ф /
Служител, извършил регистрацията/редакцията Людмила_Стоянова
999 ## - СИСТЕМНИ КОНТРОЛНИ НОМЕРА
Koha biblionumber 106846
Koha biblioitemnumber 106846
Наличности
Код за отписване Код за изгубен артикул Код за повреда Коз за рестрикции Код за отдаване Артикулен № Име на библиотеката - собственик Име на библиотеката, в която се намира в момента Статус (Текущо местоположение) Дата на вписване в системата Местоположение - отдел Цена в лева Инвентарен номер Систематично азбучна сигнатура Баркод Номер на екземпляра Цена в евро Служебна бележка Служебен тип на артикула
Изтеглен Не е изгубен Не е повреден без рестрикции заемане за дома 172516 Регионална библиотека "Любен Каравелов" Русе Регионална библиотека "Любен Каравелов" Русе Заемна - подръчен фонд 2004-04-06 Заемна - подръчен фонд 10.00 120000684316 П 89-31/Б 25 120000684316 1 5.11 Дост: Pk Вид: Ф N: 14 Дата: 06.04.2004 Дата инв: 08.02.2018 Бележки инв: П2018 Книги
  Не е изгубен Не е повреден без рестрикции ползва се в читалня 172517 Регионална библиотека "Любен Каравелов" Русе Регионална библиотека "Любен Каравелов" Русе Хранилище 2005-05-13 Хранилище 10.00 120000694143 Цб 218859 120000694143 2 5.11 Дост: Dp Вид: Д N: 26 Дата: 16.06.2004 Книги
  Не е изгубен Не е повреден без рестрикции заемане за дома 172518 Регионална библиотека "Любен Каравелов" Русе Регионална библиотека "Любен Каравелов" Русе Заемна - подръчен фонд 2007-01-10 Заемна - подръчен фонд 10.00 120000708396 П 89-31/Б 25 120000708396 3 5.11 Дост: DA Вид: А N: 1 Дата: 05.01.2007 Дата инв: 08.02.2018 Бележки инв: П2018 Книги
  Не е изгубен Не е повреден без рестрикции заемане за дома 172519 Регионална библиотека "Любен Каравелов" Русе Регионална библиотека "Любен Каравелов" Русе Заемна - подръчен фонд 2016-12-21 Заемна - подръчен фонд 5.00 120000806787 П 89-31/Б 25 120000806787 4 2.56 Дост: Pk Вид: Ф N: 475 Дата: 19.12.2016 Дата инв: 08.02.2018 Бележки инв: П2018 Книги
Vip Innovations Ltd, Rousse, Bulgaria 2025